|
|
|
|
| LEADER |
00000nab a2200000 ar4500 |
| 001 |
vtls010663868 |
| 003 |
SK-MaSNL |
| 005 |
20260305043638.0 |
| 008 |
150327c2015 xo qr|p||| |000 b|slo |
| 015 |
|
|
|a SNBRB2015/03
|
| 038 |
|
|
|a SPK
|
| 040 |
|
|
|a SPKCL
|b slo
|c AACR2
|e AACR2
|
| 041 |
0 |
|
|a slo
|
| 044 |
|
|
|a xo
|c SK
|
| 072 |
|
7 |
|a 159.95
|x Vyššie duševné procesy
|2 konspekt
|
| 072 |
|
7 |
|a 37
|x Výchova a vzdelávanie
|2 konspekt
|
| 080 |
|
|
|a 159.953.5
|2 2001
|
| 080 |
|
|
|a 373.3.011.3-052
|2 2001
|
| 080 |
|
|
|a 159.9
|2 2001
|
| 100 |
1 |
|
|a Kunová, Lenka
|4 aut
|9 1093103
|
| 245 |
1 |
0 |
|a Kedy sa deti najlepšie učia
|c Lenka Kunová
|
| 300 |
|
|
|b Fotogr.
|
| 650 |
0 |
7 |
|a efektívnosť vyučovania
|2 snkbucl
|9 71414
|
| 650 |
0 |
7 |
|a učenie
|2 snkbucl
|9 3884
|
| 650 |
0 |
7 |
|a deti
|2 snkbucl
|9 773
|
| 650 |
0 |
7 |
|a psychologické aspekty
|2 snkbucl
|9 3875
|
| 773 |
0 |
|
|t Dobrá škola
|g Roč. VI, č. 6 (2015), s. 21
|x 1338-0338
|
| 852 |
|
|
|a SPK
|b KIS3GCP
|
| 856 |
4 |
1 |
|u www.dobraskola. com
|
| 999 |
|
|
|c 3354413
|d 3356343
|